[Event "18th "]
[Site "Senta"]
[Date "2014.07.24"]
[Round "7.10"]
[White "Marjanovics, Gyorgy"]
[Black "Jovanovic, Aleksandar D"]
[Result "0-1"]
[WhiteElo "2070"]
[BlackElo "2234"]
[PlyCount "56"]
[EventDate "2014.07.19"]

1. e4 e5 2. Nf3 Nc6 3. Bb5 a6 4. Bxc6 dxc6 5. O-O Bd6 6. d4 exd4 7. Qxd4 f6 8.
Be3 Ne7 9. Nbd2 c5 10. Qc3 b6 11. Nc4 Bb7 12. Nfd2 O-O 13. Rfd1 f5 14. e5 Nd5
15. Qb3 Be7 16. Nf3 f4 17. Bc1 Qc8 18. Na3 Qe6 19. Nc4 Rad8 20. a4 Kh8 21. Ncd2
Qh6 22. Qc4 Nb4 23. Rf1 Qg6 24. Ne1 Bxg2 25. Nxg2 Rxd2 26. Kh1 Rxc2 27. Qb3 f3
28. Ne1 c4 0-1

[Event "18th "]
[Site "Senta"]
[Date "2014.07.24"]
[Round "7.11"]
[White "Vranic, Ljubomir"]
[Black "Arsic, Djordje"]
[Result "1-0"]
[WhiteElo "2218"]
[BlackElo "2055"]
[PlyCount "51"]
[EventDate "2014.07.19"]

1. e4 e5 2. Nf3 Nc6 3. d4 exd4 4. Nxd4 Nf6 5. Nxc6 bxc6 6. e5 Qe7 7. Qe2 Nd5 8.
c4 Ba6 9. Nd2 g6 10. Qe4 Nb6 11. b3 Bg7 12. Bb2 O-O 13. O-O-O Rfe8 14. f4 d5
15. Qc2 Rad8 16. c5 Bxf1 17. Rhxf1 Nd7 18. Nf3 Nf8 19. g4 Bh6 20. Kb1 Bxf4 21.
Nd4 Qxe5 22. Nxc6 Qg5 23. Nxd8 Rxd8 24. Qc3 d4 25. Rxd4 Be5 26. Qf3 1-0

[Event "18th "]
[Site "Senta"]
[Date "2014.07.24"]
[Round "7.12"]
[White "Cvetanovic, Damjan"]
[Black "Scepanovic, Labud"]
[Result "1-0"]
[WhiteElo "2027"]
[BlackElo "2144"]
[PlyCount "57"]
[EventDate "2014.07.19"]

1. d4 g6 2. Nf3 Bg7 3. c4 d6 4. Nc3 Nf6 5. e4 O-O 6. Be2 c6 7. O-O Nbd7 8. Bg5
Qc7 9. Qc2 e5 10. d5 a5 11. Rac1 Nc5 12. Nd2 h6 13. Be3 Nfd7 14. Nb3 f5 15.
Nxc5 Nxc5 16. Rfd1 Na6 17. f3 Bd7 18. dxc6 bxc6 19. Qd2 Rf6 20. c5 Bf8 21. Nd5
cxd5 22. Qxd5+ Be6 23. Qxa8 Nxc5 24. Bxc5 dxc5 25. Qd8 Qf7 26. Rxc5 Qa7 27.
Qxf6 Qxc5+ 28. Kh1 Bf7 29. Rd7 1-0

[Event "18th "]
[Site "Senta"]
[Date "2014.07.24"]
[Round "7.13"]
[White "Sarnyai, Daniel"]
[Black "Jovicic, Radosav"]
[Result "0-1"]
[WhiteElo "1851"]
[BlackElo "2141"]
[PlyCount "80"]
[EventDate "2014.07.19"]

1. c4 Nf6 2. Nc3 g6 3. e4 d6 4. g3 c5 5. Bg2 Nc6 6. Nge2 Bg7 7. d3 h5 8. h4 Bg4
9. f3 Bd7 10. Be3 Ne5 11. Qd2 Rb8 12. a4 a6 13. O-O O-O 14. b3 b5 15. axb5 axb5
16. d4 cxd4 17. Bxd4 bxc4 18. Bxe5 dxe5 19. bxc4 e6 20. Kh2 Qc7 21. Rfc1 Kh7
22. Nb5 Qc5 23. Nd6 Bh6 24. f4 Ng4+ 25. Kh1 exf4 26. gxf4 e5 27. Rf1 exf4 28.
Nxf4 Qe5 29. Ra5 Qe7 30. Ra3 Qxh4+ 31. Rh3 Qf6 32. Rhf3 Ne5 33. Qd4 Qh4+ 34.
Rh3 Bxh3 35. Nxh3 Rb3 36. Qxe5 Rxh3+ 37. Bxh3 Qxh3+ 38. Kg1 Be3+ 39. Rf2 Qf3
40. Qh2 Ra8 0-1

[Event "18th "]
[Site "Senta"]
[Date "2014.07.24"]
[Round "7.14"]
[White "Lazov, Toni"]
[Black "Rajkovic, Mladen"]
[Result "0-1"]
[WhiteElo "2001"]
[BlackElo "2116"]
[PlyCount "168"]
[EventDate "2014.07.19"]

1. e4 e5 2. Nf3 Nc6 3. Bc4 Bc5 4. d3 Nf6 5. O-O d6 6. c3 O-O 7. Nbd2 a6 8. Bb3
Ba7 9. h3 Ne7 10. Nc4 Ng6 11. Ne3 c6 12. Nf5 d5 13. Qe2 Re8 14. N3h4 Be6 15.
Qf3 Nxh4 16. Nxh4 Nxe4 17. dxe4 Qxh4 18. exd5 e4 19. Qd1 cxd5 20. Bxd5 Rad8 21.
c4 Bxd5 22. cxd5 Re5 23. d6 Re6 24. Be3 Bxe3 25. fxe3 Rexd6 26. Qb3 Qe7 27.
Rac1 h6 28. Qb4 Re6 29. Qxe7 Rxe7 30. Rfd1 Red7 31. Rxd7 Rxd7 32. Rc8+ Kh7 33.
Re8 f5 34. g4 fxg4 35. hxg4 Rd1+ 36. Kf2 Rd2+ 37. Kg3 Rxb2 38. a4 Rb4 39. a5
Rb5 40. Re7 Kg6 41. Kf4 Kf6 42. Rd7 Rb4 43. Rd6+ Ke7 44. Rg6 Kf7 45. Rd6 Ke7
46. Rg6 Kf8 47. Rd6 g5+ 48. Kf5 Rb5+ 49. Kf6 Ke8 50. Re6+ Kd8 51. Rxe4 Rxa5 52.
Rd4+ Ke8 53. Re4+ Kd7 54. Rd4+ Ke8 55. Re4+ Kd7 56. Rd4+ Kc6 57. e4 Ra1 58. e5
Re1 59. e6 b5 60. e7 a5 61. Rd8 b4 62. e8=Q+ Rxe8 63. Rxe8 b3 64. Rb8 a4 65.
Rb4 Kc5 66. Rxa4 b2 67. Ra5+ Kc6 68. Kg6 b1=Q+ 69. Kxh6 Qb8 70. Ra6+ Kd5 71.
Rg6 Qh8+ 72. Kxg5 Ke5 73. Rh6 Qd8+ 74. Kh5 Kf4 75. Kg6 Kxg4 76. Kh7 Qe7+ 77.
Kg8 Qe8+ 78. Kg7 Kg5 79. Rh7 Qe5+ 80. Kf7 Qf6+ 81. Kg8 Qe6+ 82. Kg7 Qe8 83. Rh8
Qe7+ 84. Kg8 Kg6 0-1

[Event "18th "]
[Site "Senta"]
[Date "2014.07.24"]
[Round "7.15"]
[White "Uzumcu, Ahmet Utku"]
[Black "Miladinovic, Lena"]
[Result "0-1"]
[WhiteElo "1780"]
[BlackElo "2079"]
[PlyCount "122"]
[EventDate "2014.07.19"]

1. e4 c5 2. Nf3 e6 3. d4 cxd4 4. Nxd4 Nc6 5. Nc3 Qc7 6. Be2 Nf6 7. Be3 Be7 8.
O-O O-O 9. Kh1 d6 10. f4 a6 11. a4 Re8 12. Nb3 b6 13. Bf3 Rb8 14. Qe1 Bb7 15.
Qf2 Nd7 16. Rad1 Bf8 17. Qg3 Rbc8 18. f5 Nce5 19. fxe6 Rxe6 20. Nd4 Rg6 21. Qf2
Nf6 22. Bf4 Re8 23. Nf5 Nfg4 24. Bxg4 Nxg4 25. Qd4 Ne5 26. Bxe5 Rxe5 27. Rd2
Rge6 28. Ng3 g6 29. Qd3 h5 30. Rdf2 Re7 31. Nge2 Qc5 32. Nf4 Bg7 33. Ncd5 Rd7
34. Qf3 b5 35. axb5 axb5 36. b4 Qc6 37. Qd3 Re6 38. Ne2 Qc4 39. Qxc4 bxc4 40.
Nec3 Bxc3 41. Nxc3 Bxe4 42. Re2 d5 43. Rd1 f5 44. h3 Kf7 45. Rd4 Kf6 46. Na4
Rc7 47. Nc5 Rec6 48. Red2 Ke5 49. Nxe4 dxe4 50. Rd5+ Kf4 51. Kh2 h4 52. b5 Rb6
53. R2d4 Rcb7 54. Rxc4 Rxb5 55. Rdd4 Rb1 56. Rc3 Rc1 57. Rb3 Rc7 58. Rb2 Ra7
59. Rb3 Raa1 60. g3+ hxg3+ 61. Kg2 Rxc2+ 0-1

[Event "18th "]
[Site "Senta"]
[Date "2014.07.24"]
[Round "7.16"]
[White "Juhasz, Bencze"]
[Black "Andrijevic, Milan"]
[Result "0-1"]
[WhiteElo "2033"]
[BlackElo "2336"]
[PlyCount "62"]
[EventDate "2014.07.19"]

1. e4 c5 2. Nf3 e6 3. d4 cxd4 4. Nxd4 a6 5. Bd3 Nf6 6. c4 d6 7. O-O Be7 8. Nc3
Nc6 9. Be3 O-O 10. f4 Bd7 11. Rc1 Nxd4 12. Bxd4 Bc6 13. Kh1 Nd7 14. Nd5 exd5
15. exd5 Bxd5 16. cxd5 Bf6 17. Qh5 g6 18. Bxf6 Qxf6 19. Qh3 Nc5 20. Bb1 a5 21.
f5 g5 22. Rc4 Rae8 23. Rg4 h6 24. Qg3 Kh8 25. h4 Rg8 26. Qh2 Re2 27. Qh3 Nd7
28. hxg5 Rxg5 29. Rc1 Kg7 30. Bd3 Re8 31. Bb5 Qxb2 0-1

[Event "18th "]
[Site "Senta"]
[Date "2014.07.24"]
[Round "7.21"]
[White "Nestorovic, Irena"]
[Black "Bernath, Robert"]
[Result "1-0"]
[WhiteElo "2018"]
[BlackElo "2102"]
[PlyCount "131"]
[EventDate "2014.07.19"]

1. d4 Nf6 2. c4 g6 3. Nc3 d5 4. Bg5 Ne4 5. Bf4 Nxc3 6. bxc3 Bg7 7. e3 c5 8.
cxd5 Qxd5 9. Qf3 Qxf3 10. Nxf3 Nc6 11. Rb1 O-O 12. Be2 b6 13. O-O cxd4 14. cxd4
Bb7 15. Rfc1 e6 16. Nd2 Rfd8 17. Bf3 Rac8 18. Nc4 Bf8 19. h4 Ba6 20. Nxb6 axb6
21. Rxc6 Bc4 22. Rxc8 Rxc8 23. a4 Be7 24. g3 Bd8 25. Rc1 Ba6 26. Rxc8 Bxc8 27.
Bc6 f6 28. Kf1 Kf7 29. Bd6 g5 30. h5 f5 31. g4 fxg4 32. Kg2 Ba6 33. Be4 h6 34.
Bg6+ Kg8 35. Kg3 Be2 36. Be8 Kg7 37. Bc6 Kf7 38. Be5 Bd1 39. Bd6 Be2 40. Be5
Bd1 41. Bd6 Be2 42. e4 Bf6 43. e5 Bd8 44. d5 Bc4 45. Kxg4 exd5 46. Bd7 d4 47.
e6+ Bxe6+ 48. Bxe6+ Kxe6 49. Bf8 Kf7 50. Bxh6 Be7 51. f4 gxf4 52. Kxf4 Bf6 53.
Ke4 Kg8 54. Bf4 Kh7 55. Bc7 Bh4 56. Bxb6 Be1 57. Bxd4 Kh6 58. Kd3 Ba5 59. Kc4
Kxh5 60. Kb5 Be1 61. Bc5 Kg6 62. Bb4 Bf2 63. a5 Kf7 64. Bc5 Bg3 65. a6 Bb8 66.
Kc6 1-0

[Event "18th "]
[Site "Senta"]
[Date "2014.07.24"]
[Round "7.24"]
[White "Aleksic, Zvonimir"]
[Black "Marjanovics, Annamaria"]
[Result "0-1"]
[WhiteElo "1881"]
[BlackElo "2051"]
[PlyCount "70"]
[EventDate "2014.07.19"]

1. d4 f5 2. f4 Nf6 3. Nf3 b6 4. e3 Bb7 5. Be2 g6 6. c3 Bg7 7. Nbd2 O-O 8. O-O
e6 9. Qe1 c5 10. b3 Nd5 11. Nc4 d6 12. Ng5 Re8 13. Bf3 h6 14. Bxd5 exd5 15.
Nxd6 Qxd6 16. Nf3 Ba6 17. Rf2 cxd4 18. cxd4 Bd3 19. a4 Nd7 20. Ba3 Qe6 21. Ne5
Be4 22. Rd2 Bf8 23. Bxf8 Rxf8 24. h3 Kg7 25. a5 Nxe5 26. dxe5 Rfc8 27. axb6
Qxb6 28. Rda2 a6 29. Rc1 Qxb3 30. Rxc8 Rxc8 31. Rxa6 Rc2 32. Ra7+ Kg8 33. Ra8+
Kf7 34. Ra7+ Ke8 35. Ra8+ Kd7 0-1

[Event "18th "]
[Site "Senta"]
[Date "2014.07.24"]
[Round "7.31"]
[White "Milanovic, Maja"]
[Black "Demic, Aleksandar"]
[Result "1-0"]
[WhiteElo "1943"]
[BlackElo "1593"]
[PlyCount "57"]
[EventDate "2014.07.19"]

1. e4 c5 2. Nf3 d6 3. d4 cxd4 4. Nxd4 Nf6 5. Nc3 g6 6. Be2 Bg7 7. Bg5 O-O 8.
O-O Nc6 9. Nb3 Be6 10. Kh1 Rc8 11. f4 a6 12. f5 Bxb3 13. axb3 Ne5 14. Qd2 Qd7
15. Rad1 b5 16. Bxf6 Bxf6 17. Nd5 Qc6 18. fxg6 Nxg6 19. Rxf6 exf6 20. Qh6 Qxd5
21. Rxd5 Rxc2 22. Rd2 Rc1+ 23. Rd1 Rc2 24. Bh5 Rxb2 25. Bxg6 fxg6 26. h3 Rxb3
27. Rxd6 Rb1+ 28. Kh2 Re1 29. Rd7 1-0

[Event "18th "]
[Site "Senta"]
[Date "2014.07.24"]
[Round "7.36"]
[White "Tomin, Kristifor"]
[Black "Abel, Istvan"]
[Result "1-0"]
[WhiteElo "1947"]
[BlackElo "1710"]
[PlyCount "65"]
[EventDate "2014.07.19"]

1. Nf3 f5 2. d4 Nf6 3. c3 e6 4. Bg5 Be7 5. Bxf6 Bxf6 6. Nbd2 b6 7. e4 O-O 8.
Qb3 fxe4 9. Nxe4 Bb7 10. Bd3 a5 11. Qc2 h6 12. h4 Ba6 13. O-O-O Bxd3 14. Qxd3
d5 15. Ned2 c5 16. g4 cxd4 17. cxd4 Nc6 18. a3 Rc8 19. Kb1 e5 20. dxe5 Nxe5 21.
Nxe5 Bxe5 22. Nf3 Bxb2 23. Kxb2 Qf6+ 24. Nd4 Qxf2+ 25. Rd2 Qf4 26. Nf5 Qe5+ 27.
Qd4 Rfe8 28. Rhh2 Rc4 29. Qxe5 Rxe5 30. Rxd5 Re1 31. g5 Rcc1 32. g6 Rc8 33.
Rhd2 1-0

[Event "18th "]
[Site "Senta"]
[Date "2014.07.25"]
[Round "8.1"]
[White "Vucinic, Gojko"]
[Black "Nadj Hedjesi, Balind"]
[Result "1-0"]
[WhiteElo "2313"]
[BlackElo "2414"]
[PlyCount "45"]
[EventDate "2014.07.19"]

1. e4 c6 2. d4 g6 3. Nc3 Bg7 4. Nf3 d5 5. h3 dxe4 6. Nxe4 Nf6 7. Nxf6+ Bxf6 8.
Bc4 Qd6 9. O-O Be6 10. Bxe6 Qxe6 11. Bh6 Nd7 12. Re1 Qf5 13. g4 Qd5 14. g5
O-O-O 15. gxf6 exf6 16. Bf4 Qf5 17. Bg3 Qxh3 18. Qd2 Ne5 19. Nxe5 fxe5 20. Rxe5
b6 21. Qf4 Kb7 22. Re7+ Rd7 23. Qxf7 1-0

[Event "18th "]
[Site "Senta"]
[Date "2014.07.25"]
[Round "8.2"]
[White "Nestorovic, Lazar"]
[Black "Atalik, Suat"]
[Result "0-1"]
[WhiteElo "2331"]
[BlackElo "2550"]
[PlyCount "130"]
[EventDate "2014.07.19"]

1. e4 c6 2. d4 d5 3. Nc3 dxe4 4. Nxe4 Nd7 5. Nf3 Ngf6 6. Nxf6+ Nxf6 7. h3 e6 8.
Bd3 g6 9. O-O Bg7 10. Bf4 b6 11. c3 O-O 12. Be5 Bb7 13. Qe2 Qe7 14. Rad1 Rad8
15. Rfe1 c5 16. Bc4 Ba8 17. Bb3 a5 18. a4 Rfe8 19. Bc4 Ne4 20. Bb5 Rf8 21. Qe3
cxd4 22. Rxd4 Nd6 23. Bd3 Bxf3 24. Qxf3 Bxe5 25. Rxe5 Nc8 26. Rxd8 Rxd8 27. Re1
Qh4 28. Bc2 Rd2 29. Re2 Rd5 30. Bb3 Rd6 31. Re1 Kg7 32. Rd1 Qg5 33. Qe2 h5 34.
Bc2 h4 35. Bb3 Qf4 36. Bc2 Rxd1+ 37. Qxd1 Nd6 38. Bd3 Qe5 39. Qc1 g5 40. Qd1
Kf6 41. Qf3+ Ke7 42. Qd1 Qc5 43. Qf3 Qe5 44. Qd1 Qd5 45. Qe2 Kd7 46. Qc2 Qe5
47. Qd2 Kc7 48. Qd1 Qf4 49. Qc2 e5 50. Qd1 f5 51. Bc2 g4 52. hxg4 fxg4 53. Qf1
Nc4 54. b3 Nd6 55. Qd3 e4 56. Qe3 Qxe3 57. fxe3 g3 58. Bd1 Nf5 59. Bc2 Nxe3 60.
Bxe4 Nd1 61. Kf1 Nxc3 62. Ba8 Kd6 63. Ke1 Ke5 64. Kd2 Ne4+ 65. Ke3 h3 0-1

[Event "18th "]
[Site "Senta"]
[Date "2014.07.25"]
[Round "8.3"]
[White "Nestorovic, Dejan"]
[Black "Simonyi, Zoltan"]
[Result "1/2-1/2"]
[WhiteElo "2408"]
[BlackElo "2262"]
[PlyCount "179"]
[EventDate "2014.07.19"]

1. d4 Nf6 2. c4 e6 3. Nc3 Bb4 4. e3 Bxc3+ 5. bxc3 b6 6. Bd3 Bb7 7. f3 Nh5 8.
Nh3 f5 9. O-O O-O 10. e4 fxe4 11. Bg5 Qe8 12. fxe4 Rxf1+ 13. Qxf1 h6 14. Bh4 e5
15. Qf3 Nc6 16. d5 Na5 17. c5 Qg6 18. Rf1 bxc5 19. c4 Ba6 20. Be1 Nb7 21. Bc3
Re8 22. Qf5 Qxf5 23. Rxf5 Nf6 24. Bxe5 Nxe4 25. Bxc7 Nbd6 26. Rf1 Bxc4 27. Bxc4
Nxc4 28. Rc1 Ne5 29. Nf4 Nf7 30. d6 Nfxd6 31. Bxd6 Nxd6 32. Rd1 Re4 33. Rxd6
Rxf4 34. Rxd7 Ra4 35. Rc7 c4 36. h3 h5 37. h4 Kh7 38. Kh2 Kg6 39. Rc5 Kf6 40.
Rxh5 Rxa2 41. Rc5 Ra4 42. g4 Ke6 43. h5 Kd6 44. Rc8 Kd5 45. Kg3 Ra6 46. Kf4
Rf6+ 47. Ke3 Rf7 48. Rd8+ Kc5 49. Ke4 Re7+ 50. Kf5 c3 51. Rc8+ Kd4 52. g5 Kd3
53. h6 gxh6 54. gxh6 c2 55. Kg6 Re8 56. Rc7 Re6+ 57. Kg7 Re7+ 58. Rxe7 c1=Q 59.
Rd7+ Ke4 60. h7 Qc3+ 61. Kf7 a5 62. Re7+ Kf5 63. Kg8 Qg3+ 64. Kf8 Qb8+ 65. Kg7
Qb2+ 66. Kg8 Qg2+ 67. Kf8 Qa8+ 68. Kg7 Qg2+ 69. Kf8 Qh3 70. Kg8 Qg3+ 71. Kf8
Qh4 72. Rf7+ Ke6 73. Kg8 Qg5+ 74. Kf8 Qh6+ 75. Kg8 Qg6+ 76. Kh8 Qg5 77. Rf8 a4
78. Re8+ Kd6 79. Re6+ Kd5 80. Rg6 Qe5+ 81. Kg8 Qe8+ 82. Kg7 Qe5+ 83. Kg8 Qh5
84. Kg7 Qe5+ 85. Kg8 Qf5 86. Kg7 Qd7+ 87. Kg8 Qe8+ 88. Kg7 Qe7+ 89. Kg8 Qe8+
90. Kg7 1/2-1/2

[Event "18th "]
[Site "Senta"]
[Date "2014.07.25"]
[Round "8.4"]
[White "Kosanovic, Goran A"]
[Black "Zivkovic, Nemanja"]
[Result "1/2-1/2"]
[WhiteElo "2394"]
[BlackElo "2284"]
[PlyCount "90"]
[EventDate "2014.07.19"]

1. e4 c5 2. Nc3 Nc6 3. f4 g6 4. Nf3 Bg7 5. Bb5 Nd4 6. O-O a6 7. Bd3 d6 8. Nxd4
cxd4 9. Ne2 Nf6 10. Kh1 e5 11. c3 dxc3 12. dxc3 Qb6 13. a4 O-O 14. a5 Qc6 15.
Qc2 Be6 16. c4 Rac8 17. b3 exf4 18. Nxf4 Ng4 19. Ra2 Be5 20. Be2 h5 21. Bxg4
hxg4 22. Nd5 Bxd5 23. exd5 Qc5 24. Qd3 f5 25. Be3 Qc7 26. Bd4 Rfe8 27. Kg1
Bxd4+ 28. Qxd4 Re5 29. Raa1 Rce8 30. b4 Re4 31. Qf6 Qg7 32. Qxg7+ Kxg7 33. Rac1
Rc8 34. c5 Rxb4 35. cxd6 Rd8 36. Rb1 Rxb1 37. Rxb1 Rxd6 38. Rxb7+ Kf6 39. Kf2
f4 40. h3 gxh3 41. gxh3 Ke5 42. Re7+ Kxd5 43. Kf3 Rf6 44. h4 Rf5 45. Rg7 Rf6
1/2-1/2

[Event "18th "]
[Site "Senta"]
[Date "2014.07.25"]
[Round "8.5"]
[White "Drogovoz, Irina"]
[Black "Obodchuk, Andrei"]
[Result "1-0"]
[WhiteElo "2073"]
[BlackElo "2374"]
[PlyCount "157"]
[EventDate "2014.07.19"]

1. d4 Nf6 2. c4 e6 3. Nf3 d5 4. Nc3 c6 5. g3 dxc4 6. Bg2 Nbd7 7. O-O b5 8. e4
Bb7 9. e5 Nd5 10. Ng5 Nxc3 11. bxc3 Nb6 12. Qh5 Qd7 13. Bh3 g6 14. Qh4 c5 15.
Bg2 Bxg2 16. Kxg2 Be7 17. dxc5 Qc6+ 18. Kg1 Qxc5 19. Be3 Qc6 20. Qh6 Bf8 21.
Qh4 Nd5 22. Ne4 h6 23. Bg5 Kd7 24. Nf6+ Kc7 25. Nxd5+ exd5 26. Bf6 Rg8 27. Rfd1
g5 28. Qh5 Qe6 29. Qf3 g4 30. Qg2 Kc6 31. a4 Rb8 32. axb5+ Rxb5 33. Ra4 Bc5 34.
Rxc4 Rgb8 35. Ra4 Rb2 36. c4 Rd2 37. Rc1 Kd7 38. cxd5 Qxd5 39. Qxd5+ Rxd5 40.
Rxg4 Rb4 41. Rg8 a5 42. Rh8 a4 43. Rxh6 a3 44. e6+ fxe6 45. Rh7+ Kc6 46. Ra7
Rb3 47. Be7 Kb6 48. Bxc5+ Rxc5 49. Rxc5 Kxc5 50. h4 Kb4 51. g4 Rc3 52. h5 Kb3
53. h6 Rh3 54. g5 a2 55. f4 Rh4 56. Rxa2 Kxa2 57. Kf2 Rxf4+ 58. Kg3 Rf1 59. h7
Rh1 60. g6 Kb3 61. g7 Rxh7 62. g8=Q Rh6 63. Qg7 Rh5 64. Qb7+ Kc4 65. Qe4+ Kc5
66. Qxe6 Rd5 67. Kf4 Kd4 68. Qe3+ Kc4 69. Ke4 Rd6 70. Qc1+ Kb5 71. Ke5 Rd7 72.
Qb2+ Kc4 73. Qb6 Re7+ 74. Kd6 Re4 75. Qc5+ Kd3 76. Kd5 Rf4 77. Qa3+ Ke2 78. Qc3
Rf5+ 79. Ke4 1-0

[Event "18th "]
[Site "Senta"]
[Date "2014.07.25"]
[Round "8.6"]
[White "Radusinovic, Lazar"]
[Black "Kiproski, Branislav"]
[Result "1/2-1/2"]
[WhiteElo "2318"]
[BlackElo "2139"]
[PlyCount "45"]
[EventDate "2014.07.19"]

1. d4 Nf6 2. Nf3 e6 3. g3 d5 4. Bg2 Be7 5. O-O O-O 6. c4 dxc4 7. Qa4 a6 8. Qxc4
b5 9. Qc2 Bb7 10. Nbd2 Nbd7 11. Nb3 Be4 12. Qd1 c5 13. dxc5 Nxc5 14. Qxd8 Rfxd8
15. Nxc5 Bxc5 16. Bg5 Rd5 17. Bxf6 gxf6 18. Rfc1 Rad8 19. e3 Bb6 20. Ne1 Bxg2
21. Nxg2 Rd2 22. Rab1 Bc7 23. Rxc7 1/2-1/2

[Event "18th "]
[Site "Senta"]
[Date "2014.07.25"]
[Round "8.7"]
[White "Kumic, Filip"]
[Black "Jovicic, Radosav"]
[Result "0-1"]
[WhiteElo "2248"]
[BlackElo "2141"]
[PlyCount "114"]
[EventDate "2014.07.19"]

1. d4 Nf6 2. Nf3 g6 3. c4 Bg7 4. Nc3 O-O 5. e4 d6 6. Be2 Nbd7 7. O-O e5 8. Re1
c6 9. Bf1 a5 10. Rb1 Re8 11. d5 cxd5 12. cxd5 Nc5 13. Nd2 Rf8 14. Nc4 Ne8 15.
Be3 Bd7 16. Nxd6 Nxd6 17. Bxc5 Qb8 18. Bb6 f5 19. f3 f4 20. a4 g5 21. Rc1 Rf6
22. Bc5 Bf8 23. g4 fxg3 24. hxg3 Qe8 25. Be3 Rg6 26. b3 Be7 27. Qd2 Qf7 28. Qg2
Rf8 29. Be2 h5 30. Rf1 Qe8 31. Nb1 b5 32. axb5 Bxb5 33. Nd2 Bxe2 34. Qxe2 Nb5
35. Nc4 Bb4 36. Qb2 Nd4 37. Bxd4 exd4 38. Qxd4 g4 39. f4 h4 40. Ne5 Rg7 41. Nd3
hxg3 42. Kg2 Rh7 43. Rh1 Rh3 44. Rc7 Qg6 45. Qe5 Bd6 46. Rc6 Qh7 47. Qe6+ Kh8
48. Qxd6 Rh2+ 49. Kf1 Rxh1+ 50. Ke2 Qxe4+ 51. Kd2 Rh2+ 52. Kc3 Kg8 53. Qg6+
Qxg6 54. Rxg6+ Kh7 55. Rxg4 Rg8 56. Rxg8 Kxg8 57. d6 Kf8 0-1

[Event "18th "]
[Site "Senta"]
[Date "2014.07.25"]
[Round "8.8"]
[White "Farkas, Tibor"]
[Black "Cvetanovic, Damjan"]
[Result "1-0"]
[WhiteElo "2246"]
[BlackElo "2027"]
[PlyCount "39"]
[EventDate "2014.07.19"]

1. e4 e6 2. d4 d5 3. Nc3 Nf6 4. Bg5 Be7 5. e5 Nfd7 6. Bxe7 Qxe7 7. f4 O-O 8.
Nf3 c5 9. Qd2 Nc6 10. dxc5 Nxc5 11. Bd3 a6 12. O-O b5 13. Ne2 Bb7 14. Qe3 f5
15. exf6 Rxf6 16. Rae1 Re8 17. Ned4 Nxd4 18. Qxd4 Ne4 19. g3 Qc5 20. Rxe4 1-0

[Event "18th "]
[Site "Senta"]
[Date "2014.07.25"]
[Round "8.9"]
[White "Rajkovic, Mladen"]
[Black "Jovanovic, Aleksandar D"]
[Result "0-1"]
[WhiteElo "2116"]
[BlackElo "2234"]
[PlyCount "128"]
[EventDate "2014.07.19"]

1. e4 b6 2. d4 Bb7 3. Nc3 e6 4. Nf3 Bb4 5. Bd3 Ne7 6. O-O O-O 7. a3 Bxc3 8.
bxc3 Ng6 9. e5 f5 10. Ng5 h6 11. Qh5 Qe8 12. Nh3 c5 13. f4 Nc6 14. Be3 Nge7 15.
Qxe8 Rfxe8 16. dxc5 Nd5 17. Bd2 bxc5 18. c4 Nb6 19. Be3 Na4 20. Rfd1 Rec8 21.
Bf1 Rc7 22. Nf2 Ba6 23. Rd6 Rb8 24. Rad1 Rbb7 25. g4 Nb2 26. Rb1 Nxc4 27. Rxb7
Rxb7 28. Bxc4 Bxc4 29. gxf5 exf5 30. Bxc5 Nd8 31. Nd3 Ne6 32. Be3 Rc7 33. Nb4
Kf7 34. Na6 Bxa6 35. Rxa6 Rc3 36. Kf2 Rxc2+ 37. Ke1 Rxh2 38. Rxa7 Ke7 39. Bd2
Rh4 40. a4 Nxf4 41. a5 Nd3+ 42. Ke2 Nxe5 43. a6 f4 44. Bb4+ Ke6 45. Rb7 Rh2+
46. Kd1 Ra2 47. Rb6+ Kf5 48. Bc5 f3 49. Rd6 f2 50. Bxf2 Rxf2 51. Rxd7 Rf1+ 52.
Kc2 Ra1 53. Rd6 h5 54. Kb2 Ra5 55. Kb3 h4 56. Kb4 Ra1 57. Kb3 h3 58. Kb2 Ra5
59. Kb3 h2 60. Rh6 gxh6 61. Kb4 Rxa6 62. Kb5 Rc6 63. Kb4 h1=Q 64. Kb3 Qb1+ 0-1

[Event "18th "]
[Site "Senta"]
[Date "2014.07.25"]
[Round "8.10"]
[White "Miladinovic, Lena"]
[Black "Vranic, Ljubomir"]
[Result "1-0"]
[WhiteElo "2079"]
[BlackElo "2218"]
[PlyCount "90"]
[EventDate "2014.07.19"]

1. d4 Nf6 2. Nf3 d5 3. c4 c6 4. Nbd2 Bf5 5. Nh4 Bc8 6. e3 a6 7. Nhf3 b5 8. b3
Bf5 9. Nh4 Bd7 10. Be2 e6 11. Nhf3 Bd6 12. O-O O-O 13. Bd3 Qe7 14. e4 dxe4 15.
Nxe4 Nxe4 16. Bxe4 f5 17. Bc2 Be8 18. Re1 Bh5 19. c5 Bc7 20. Qe2 Ba5 21. Rd1
Bc3 22. Rb1 Qf6 23. Bb2 Bxb2 24. Rxb2 Nd7 25. b4 a5 26. Bb3 Rfe8 27. bxa5 Rxa5
28. Rbd2 Ra7 29. Re1 Nf8 30. Qe3 Bxf3 31. Qxf3 Rf7 32. Re5 g6 33. Rde2 Kg7 34.
Qe3 Rd7 35. h3 Red8 36. Rd2 Qh4 37. g3 Qf6 38. Bxe6 Re7 39. Bb3 Rde8 40. Re2
Rxe5 41. dxe5 Qe7 42. e6 Qf6 43. Qf3 Nxe6 44. Qxc6 Qa1+ 45. Kh2 Nd4 1-0

[Event "18th "]
[Site "Senta"]
[Date "2014.07.25"]
[Round "8.11"]
[White "Andrijevic, Milan"]
[Black "Nestorovic, Irena"]
[Result "1-0"]
[WhiteElo "2336"]
[BlackElo "2018"]
[PlyCount "51"]
[EventDate "2014.07.19"]

1. e4 e5 2. Nf3 Nc6 3. Bb5 a6 4. Ba4 Nf6 5. O-O Be7 6. Re1 b5 7. Bb3 d6 8. c3
O-O 9. h3 Be6 10. d4 Bxb3 11. Qxb3 Na5 12. Qc2 d5 13. exd5 exd4 14. cxd4 Re8
15. Nc3 b4 16. Na4 Nxd5 17. b3 Qd6 18. Bd2 Bf6 19. Rac1 Rxe1+ 20. Rxe1 Nc6 21.
Qd3 Rd8 22. Nc5 Nxd4 23. Nb7 Nxf3+ 24. Qxf3 Qd7 25. Nxd8 Bxd8 26. Qxd5 1-0

[Event "18th "]
[Site "Senta"]
[Date "2014.07.25"]
[Round "8.12"]
[White "Stanojevic, Branko"]
[Black "Kecskemeti, Arpad"]
[Result "1-0"]
[WhiteElo "2251"]
[BlackElo "1966"]
[PlyCount "59"]
[EventDate "2014.07.19"]

1. Nf3 Nf6 2. g3 g6 3. Bg2 Bg7 4. c4 d6 5. d4 O-O 6. Nc3 Nbd7 7. O-O c6 8. e4
e5 9. h3 Qe7 10. Re1 Ne8 11. Be3 f5 12. Qd2 Nef6 13. Rad1 Nxe4 14. Nxe4 fxe4
15. Bg5 Qf7 16. Rxe4 d5 17. cxd5 cxd5 18. Rh4 e4 19. Nh2 Nb8 20. f3 Nc6 21.
fxe4 Bxd4+ 22. Kh1 dxe4 23. Rxe4 Be5 24. Rf1 Qe8 25. Rfe1 Bf5 26. Rxe5 Nxe5 27.
Qd5+ Be6 28. Qxe5 Bxa2 29. Qa5 Be6 30. Ng4 1-0

[Event "18th "]
[Site "Senta"]
[Date "2014.07.25"]
[Round "8.13"]
[White "Csikos, Mihaly"]
[Black "Nagy, Attila N"]
[Result "1/2-1/2"]
[WhiteElo "2058"]
[BlackElo "2212"]
[PlyCount "99"]
[EventDate "2014.07.19"]

1. e4 c5 2. Nf3 Nc6 3. d4 cxd4 4. Nxd4 Nf6 5. Nc3 d6 6. Be3 Ng4 7. Nxc6 bxc6 8.
Qd2 Nxe3 9. Qxe3 Qb6 10. Qxb6 axb6 11. Be2 g6 12. a3 Bg7 13. Nd1 O-O 14. c3 Bd7
15. O-O b5 16. Ne3 Ra4 17. f3 Rb8 18. Nc2 c5 19. Bd3 Be6 20. f4 Bb3 21. Ne3 b4
22. axb4 Rxa1 23. Rxa1 cxb4 24. Ra7 bxc3 25. bxc3 Bxc3 26. Rxe7 Bd4 27. Kf2 Ba2
28. Ke2 Rb2+ 29. Nc2 Bc5 30. Rc7 Rb1 31. Ne1 Rb2+ 32. Nc2 Bb3 33. Kd2 Rb1 34.
Rb7 Ba2 35. Rxb1 Bxb1 36. Ne3 Ba2 37. Nc4 Kf8 38. Kc2 f5 39. exf5 gxf5 40. Kb2
Bxc4 41. Bxc4 Ke7 42. Kc3 Be3 43. Kd3 Bxf4 44. h3 h5 45. Bd5 Kf6 46. Bf3 h4 47.
Ba8 Ke5 48. Bb7 d5 49. Ba8 Bg3 50. Bb7 1/2-1/2

[Event "18th "]
[Site "Senta"]
[Date "2014.07.25"]
[Round "8.14"]
[White "Marjanovics, Annamaria"]
[Black "Pajzer, Istvan"]
[Result "1-0"]
[WhiteElo "2051"]
[BlackElo "2116"]
[PlyCount "145"]
[EventDate "2014.07.19"]

1. e4 c5 2. Nf3 d6 3. d4 cxd4 4. Nxd4 Nf6 5. Nc3 a6 6. Bg5 e6 7. Qf3 Be7 8.
O-O-O O-O 9. e5 Ne8 10. Bxe7 Qxe7 11. exd6 Nxd6 12. Ne4 Nxe4 13. Qxe4 Nd7 14.
f4 Nf6 15. Qe5 Rd8 16. Be2 g6 17. Bf3 Bd7 18. f5 Ng4 19. Bxg4 Qg5+ 20. Rd2 Qxg4
21. fxe6 Bxe6 22. h3 Qh5 23. Qxh5 gxh5 24. Nxe6 Rxd2 25. Kxd2 fxe6 26. Re1 Kf7
27. c4 Rg8 28. Re2 Rg3 29. Ke1 Kf6 30. Rd2 Rg7 31. Kf2 Ke5 32. Re2+ Kf5 33. Ke3
e5 34. Rf2+ Ke6 35. Ke4 Rd7 36. b3 a5 37. Rf8 Rd4+ 38. Ke3 a4 39. Rc8 axb3 40.
axb3 Rd1 41. Rc7 Re1+ 42. Kf2 Rc1 43. Rxb7 Kf5 44. Rxh7 Rc2+ 45. Ke3 Rc3+ 46.
Kd2 Rxb3 47. Rxh5+ Kf4 48. Rh4+ Kf5 49. Rg4 e4 50. c5 Rb2+ 51. Ke3 Rb3+ 52. Kd2
Rb2+ 53. Kc3 Rb1 54. Rh4 Rd1 55. c6 Rd6 56. c7 Rc6+ 57. Kd4 Rxc7 58. Rxe4 Ra7
59. g4+ Kg5 60. Re5+ Kf4 61. Rc5 Rd7+ 62. Rd5 Rh7 63. Rf5+ Kg3 64. Rh5 Re7 65.
Kd5 Kf4 66. Rf5+ Kg3 67. Rh5 Kf4 68. Kd6 Re1 69. Rf5+ Kg3 70. Re5 Rd1+ 71. Ke6
Kxh3 72. g5 Ra1 73. g6 1-0